LEADER 01468nam a2200337 u 4500 001 000000124826 003 CaOOAMICUS 005 20110411170748.0 008 110325s2009 it u000 u ita r 020 $a978-88-348-0985-3 040 $aPUL$bita 082 04$a340.54 100 1 $aSciortino, Salvatore.$0(OLS)http://pul/name/78851 245 10$aStudi sulle liti di libertà nel diritto romano /$cSalvatore Sciortino. 260 $aTorino :$bG. Giappichelli,$c©2009. 300 $a367 p. ;$c24 cm. 490 1 $aAnnali del Dipartimento di Storia del Diritto. Università degli Studi di Palermo. Monografie ;$v8 500 $aInclude indice. 504 $aBibliografia p. 307-336. 650 4$aDiritto romano.$0(OLS)http://pul/subject/382 830 0$aAnnali del Dipartimento di Storia del Diritto. Università degli Studi di Palermo.$pMonografie ;$v8.$0(OLS)http://pul/title/157378 850 $aPUL 852 $aPUL$W1$xSL Diritto e Scienze Sociali 3$y79$m340. 54 SCISA 1$j143744$qDDC 21$B142756$CPULBib$Z2$F142756 $H116314 $82 941 1 $a9 960 $aRoman law$9382 960 $aRoman law$9382 996 $6020$a978-88-348-0985-3$9(OLS)http://pul/number/146777 996 $6082$a340.54$9(OLS)http://pul/classification/477 996 $6245$aStudi sulle liti di libertà nel diritto romano$9(OLS)http://pul/title/157377 996 $6260$aTorino :$bG. Giappichelli$9(OLS)http://pul/publisher/49130 LEADER 01450nam a2200325 a 4500 001 000000138731 003 CaOOAMICUS 005 20140610124431.0 008 140610s2014 quc 000 0 fre r 020 $a978-2-89689-153-5 040 $aPUL$bita 082 04$a262.9 100 1 $aDelgado Galindo, Miquel.$0(OLS)http://pul/name/81967 245 10$aCharismes, mouvements ecclésiaux et associations de fidèles /$cMiguel Delgado Galindo ; préface du cardinal Stanislaw Rylko. 260 $aMontreal :$bWilson & Lafleur,$c2014. 300 $axxvii, 100 p. ;$c24 cm 490 1 $aGratianus series. Sèrie monographies 500 $aBibliografia in nota. 650 4$aMovimenti religiosi$ySec. XX-XXI.$0(OLS)http://pul/subject/33268 700 1 $aRylko, Stanislaw,$ccard.$0(OLS)http://pul/name/78085 830 0$aGratianus series.$pSèrie monographies.$0(OLS)http://pul/title/157085 850 $aPUL 852 $aPUL$W1$xSL Diritto Canonico 3$y77$m262. 9 COLL 3.6.7$j160137$qDDC 21$B159592$CPULBib$Z2$F159592 $H124198 $82 941 1 $a9 983 0$aCollection Gratianus. 996 $6020$a978-2-89689-153-5$9(OLS)http://pul/number/155467 996 $6082$a262.9$9(OLS)http://pul/classification/369 996 $6245$aCharismes, mouvements ecclésiaux et associations de fidèles$9(OLS)http://pul/title/175637 996 $6260$aMontreal :$bWilson & Lafleur$9(OLS)http://pul/publisher/79541